| 000 | 00919nam0a2200277 4500 | ||
|---|---|---|---|
| 001 | RU\NLR\ONL2\30345 | ||
| 005 | 20250613225231.0 | ||
| 035 | _a(NLR Aleph) 010217295 | ||
| 090 |
_a10304665 _c10304665 |
||
| 100 | _a20140215d1996 |||y0rusy50 ca | ||
| 101 | 0 | _asah | |
| 102 | _aRU | ||
| 105 | _aa ||||||||| | ||
| 200 | 1 |
_aОлоххо уһаарыллан _e[ахтыы] _fС. С. Аржаков |
|
| 210 |
_aДьокуускай _cНИПК "Сахаполиграфиздат" _d1996 |
||
| 215 |
_a112 с. _cил. _d21 |
||
| 541 | 1 |
_aЗакаляясь в жизни и труде _eвоспоминания _zrus |
|
| 686 | 1 | _aУ9(2)32 | |
| 700 | 1 |
_aАржаков _bС. С. _gСтепан Степанович _4070 |
|
| 801 | 0 |
_aRU _bNLR _c20140215 _gPSBO |
|
| 852 |
_aNLR _bОНЛ _jЯкут./3-2321 |
||
| 942 | _cBOOK | ||
| 980 | _aNB | ||
| 980 | _aONL_RF | ||